| 000 | 00864nam a2200205 i 4500 | ||
|---|---|---|---|
| 001 | 10042 | ||
| 003 | KOSZ 005 | ||
| 005 | 20180414110629.0 | ||
| 008 | 060202s2005 pl a f f |000 0 pol | ||
| 015 | _aPB 2006/5375 | ||
| 040 |
_cBPK _dKOSZ 005/EG |
||
| 080 | _a004.65:005 | ||
| 999 |
_c10042 _d10042 |
||
| 999 | _b(075.8) | ||
| 100 | 1 |
_aBZDYRA, Krzysztof. _bPolitechnika Koszalińska - Wydział Elektroniki i Informatyki, _cKatedra Telekomunikacji _d2004 - . |
|
| 245 | 1 | 0 |
_aSystem Rekord.ERP - studium przypadku / _cKrzysztof Bzdyra, Sławomir Kłos. |
| 650 | 0 | _aProdukcja - zarządzanie - metody. | |
| 650 | 0 | _aSystemy informatyczne zarządzania. | |
| 773 | 0 |
_iW : _tSystemy wspomagania inżynierii zarządzania / Zbigniew Banaszak, Krzysztof Bzdyra, Sebastian Saniuk. - _dKoszalin : Wydaw. Uczelniane Politechniki Koszalińskiej, 2005. - _gs. 199-223 |
|
| 942 |
_2UKD _cROZ |
||